Countries in Micronesia - Statistics

General Stats
  • This quiz has been taken 62 times
  • The average score is 27 of 30
Answer Stats
Hint Answer % Correct
T Taiwan/ Tajikistan/ Tanzania/ Thailand/ Timor Leste/ Togo/ Tonga/ Trinidad/ Tunisia/ Turkey/ Turkmenistan/ Tuvalu
100%
T Taiwan/ Tajikistan/ Tanzania/ Thailand/ Timor Leste/ Togo/ Tonga/ Trinidad/ Tunisia/ Turkey/ Turkmenistan/ Tuvalu
100%
T Taiwan/ Tajikistan/ Tanzania/ Thailand/ Timor Leste/ Togo/ Tonga/ Trinidad/ Tunisia/ Turkey/ Turkmenistan/ Tuvalu
100%
T Taiwan/ Tajikistan/ Tanzania/ Thailand/ Timor Leste/ Togo/ Tonga/ Trinidad/ Tunisia/ Turkey/ Turkmenistan/ Tuvalu
100%
E Ecuador/ Egypt/ El Salvador/ Equatorial Guinea/ Eritrea/ Estonia/ Eswatini/ Ethiopia/East Timor
96%
E Ecuador/ Egypt/ El Salvador/ Equatorial Guinea/ Eritrea/ Estonia/ Eswatini/ Ethiopia/East Timor
96%
E Ecuador/ Egypt/ El Salvador/ Equatorial Guinea/ Eritrea/ Estonia/ Eswatini/ Ethiopia/East Timor
96%
E Ecuador/ Egypt/ El Salvador/ Equatorial Guinea/ Eritrea/ Estonia/ Eswatini/ Ethiopia/East Timor
96%
E Ecuador/ Egypt/ El Salvador/ Equatorial Guinea/ Eritrea/ Estonia/ Eswatini/ Ethiopia/East Timor
96%
E Ecuador/ Egypt/ El Salvador/ Equatorial Guinea/ Eritrea/ Estonia/ Eswatini/ Ethiopia/East Timor
96%
S Saint Kitts/ Saint Lucia/ Saint Vincent/ Samoa /San Marino /Sao Tome / Saudi Arabia /Senegal/ Serbia/ Seychelles/ Sierra Leone/ Singapore/ Slovakia/ Slovenia/ Solomon Islands/ Somalia /South Africa/ South Korea/ South Sudan/ Spain/ Sri Lanka/ Sudan/ Suriname/ Sweden/ Switzerland/ Syria
96%
S Saint Kitts/ Saint Lucia/ Saint Vincent/ Samoa /San Marino /Sao Tome / Saudi Arabia /Senegal/ Serbia/ Seychelles/ Sierra Leone/ Singapore/ Slovakia/ Slovenia/ Solomon Islands/ Somalia /South Africa/ South Korea/ South Sudan/ Spain/ Sri Lanka/ Sudan/ Suriname/ Sweden/ Switzerland/ Syria
96%
S Saint Kitts/ Saint Lucia/ Saint Vincent/ Samoa /San Marino /Sao Tome / Saudi Arabia /Senegal/ Serbia/ Seychelles/ Sierra Leone/ Singapore/ Slovakia/ Slovenia/ Solomon Islands/ Somalia /South Africa/ South Korea/ South Sudan/ Spain/ Sri Lanka/ Sudan/ Suriname/ Sweden/ Switzerland/ Syria
96%
H Haiti/ Honduras/ Hungary
92%
A Afghanistan/ Albania/ Algeria/ Andorra/ Angola/ Antigua and Barbuda/ Argentina/ Armenia/ Australia/ Austria/ Azerbaijan
90%
A Afghanistan/ Albania/ Algeria/ Andorra/ Angola/ Antigua and Barbuda/ Argentina/ Armenia/ Australia/ Austria/ Azerbaijan
90%
A Afghanistan/ Albania/ Algeria/ Andorra/ Angola/ Antigua and Barbuda/ Argentina/ Armenia/ Australia/ Austria/ Azerbaijan
90%
F Fiji/ Finland/ France
88%
F Fiji/ Finland/ France
88%
D Denmark/ Djibouti/ Dominica/ Dominican Republic
86%
D Denmark/ Djibouti/ Dominica/ Dominican Republic
86%
M Madagascar /Malawi /Malaysia /Maldives /Mali /Malta /Marshall Islands /Mauritania /Mauritius/ Mexico /Micronesia /Moldova /Monaco/ Mongolia /Montenegro /Morocco/ Mozambique/ Myanmar
86%
O Oman
84%
O Oman
84%
R Romania/ Russia/ Rwanda
84%
R Romania/ Russia/ Rwanda
84%
I Iceland/ India/ Indonesia/ Iran/ Iraq/ Ireland/ Israel/ Italy
80%
I Iceland/ India/ Indonesia/ Iran/ Iraq/ Ireland/ Israel/ Italy
80%
C Cape Verde/ Cambodia/ Cameroon/ Canada/ Central African Republic/ CAR/ Chad/ Chile/ China/ Colombia/ Comoros/ Congo/Democratic Republic of the Congo/ Costa Rica/ Cote d'Ivoire/ Croatia/ Cuba/ Cyprus/ Czechia
78%
N Namibia/ Nauru/ Nepal/ Netherlands/ New Zealand/ Nicaragua/ Niger/ Nigeria/ North Korea/ North Macedonia/ Norway
74%
No matching quizzes found
Score Distribution
Percent of People with Each Score
Percentile by Number Answered
Your Score History
You have not taken this quiz